| 000 | 00468nam a2200157 a 4500 | ||
|---|---|---|---|
| 001 | 000048668 | ||
| 005 | 20201002061321.0 | ||
| 008 | 190408s2014 dr d r 000 0 spa d | ||
| 040 |
_aDO-SdBNP _bspa _cBNPHU |
||
| 082 |
_axxxx _bC965d |
||
| 245 | 0 | 3 |
_aLa cuenca del ozama : _bal borde del riesgo. |
| 260 |
_aSanto Domingo : _bCiudad Alternativa, _c2014. |
||
| 300 |
_a288 p. : _bdiagr. ; _c28 cm. |
||
| 504 | _aBibliografía : p. 265-269 | ||
| 590 | _aInventariado, 2019/BT | ||
| 999 |
_c48156 _d48156 |
||